| 000 | 01143cab a2200373 4500 | ||
|---|---|---|---|
| 001 | ABS47438 | ||
| 008 | 090401t1992 xxu||||| |||| 00| 0 eng d | ||
| 035 | _a(Sirsi) u61950 | ||
| 041 | _aeng | ||
| 245 | _aSurrey | ||
| 260 | _c1992 | ||
| 350 | _a0 | ||
| 490 |
_aEstates Times _v(1166) 6 November 1992, 27-41(14) |
||
| 520 | _aReviews the office, retail and industrial markets in Camberley, Guildford, Weybridge, Esher, Redhill, Haslemere, Croydon, Sutton, Epson, Woking, Kingston-upon-Thames, Leatherhead, Dorking, Egham and Staines. Other issues include planning policy within the county, and a discussion of built environment. | ||
| 650 | _aCAMBERLEY | ||
| 650 | _aCROYDON | ||
| 650 | _aDORKING | ||
| 650 | _aEGHAM | ||
| 650 | _aEPSON | ||
| 650 | _aESHER | ||
| 650 | _aGUILDFORD | ||
| 650 | _aHASLEMERE | ||
| 650 | _aKINGSTON-UPON-THAMES | ||
| 650 | _aLEATHERHEAD | ||
| 650 | _aREDHILL | ||
| 650 | _aSTAINES | ||
| 650 | _aSURREY | ||
| 650 | _aSUTTON | ||
| 650 | _aWEYBRIDGE | ||
| 650 | _aWOKING | ||
| 690 | _aPROPERTY-COMMERCIAL PROPERTY-COMMERCIAL PROPERTY MARKET | ||
| 942 | _n0 | ||
| 948 | _c04/03/1997 | ||
| 999 |
_c38438 _d38438 |
||